NBA 1996 Playoffs Starters - Statistics

General Stats
  • This quiz has been taken 711 times
    622 since last reset
  • The average score is 45 of 80
Answer Stats
Team Player % Correct
Bulls Michael Jordan
99%
Bulls Scottie Pippen
99%
Magic Shaquille O'Neal
98%
Bulls Dennis Rodman
96%
Rockets Hakeem Olajuwon
93%
Jazz John Stockton
92%
Jazz Karl Malone
92%
Knicks Patrick Ewing
92%
Magic Penny Hardaway
92%
Heat Tim Hardaway
92%
Spurs Avery Johnson
90%
Trail Blazers Clifford Robinson
90%
Spurs David Robinson
90%
SuperSonics Ervin Johnson
90%
SuperSonics Gary Payton
90%
Suns Kevin Johnson
90%
Rockets Clyde Drexler
89%
Suns Charles Barkley
87%
SuperSonics Shawn Kemp
86%
Spurs Charles Smith
83%
Rockets Kenny Smith
83%
Hawks Steve Smith
83%
Bulls Ron Harper
82%
Knicks Derek Harper
81%
Hawks Grant Long
81%
Bulls Luc Longley
81%
Kings Brian Grant
77%
Trail Blazers Harvey Grant
77%
Magic Horace Grant
77%
Heat Alonzo Mourning
75%
Knicks John Starks
68%
Lakers Vlade Divac
68%
Pistons Grant Hill
67%
Pistons Joe Dumars
67%
Pacers Mark Jackson
67%
Pacers Rik Smits
66%
Knicks Charles Oakley
65%
Lakers Eddie Jones
64%
Jazz Jeff Hornacek
64%
Magic Nick Anderson
64%
Suns Hot Rod Williams
61%
Heat Walt Williams
61%
SuperSonics Detlef Schrempf
60%
Heat Kurt Thomas
60%
Lakers Nick Van Exel
56%
Magic Dennis Scott
54%
Rockets Robert Horry
54%
Kings Mitch Richmond
49%
Spurs Sean Elliott
49%
Pacers Dale Davis
48%
Suns A.C. Green
43%
Pistons Otis Thorpe
40%
Hawks Mookie Blaylock
38%
Trail Blazers Arvydas Sabonis
37%
Rockets Chucky Brown
35%
SuperSonics Hersey Hawkins
35%
Pistons Allan Houston
34%
Lakers Cedric Ceballos
34%
Knicks Anthony Mason
32%
Trail Blazers Rod Strickland
29%
Spurs Vinny Del Negro
28%
Lakers Elden Campbell
27%
Pistons Mark West
27%
Cavaliers Terrell Brandon
27%
Trail Blazers Aaron McKie
22%
Suns Wesley Person
20%
Pacers Derrick McKey
19%
Hawks Christian Laettner
18%
Kings Olden Polynice
17%
Cavaliers Chris Mills
16%
Hawks Stacey Augmon
16%
Cavaliers Bobby Phills
13%
Pacers Ricky Pierce
13%
Jazz Chris Morris
11%
Jazz Felton Spencer
11%
Cavaliers Michael Cage
11%
Kings Billy Owens
10%
Cavaliers Danny Ferry
10%
Heat Rex Chapman
10%
Kings Tyus Edney
9%
No matching quizzes found
Score Distribution
Percent of People with Each Score
Percentile by Number Answered
Your Score History
You have not taken this quiz since the last reset